Riadenie tepelnej sústavy

Saved in:
Bibliographic Details
Main Author: Kováčová, Hana (Author)
Other Authors: Dúbravský, Jozef (Thesis advisor)
Format: Manuscript Book
Language:Slovak
Published: 2017
Subjects:
Online Access:http://is.stuba.sk/zp/portal_zp.pl?podrobnosti=130963
Tags: Add Tag
No Tags, Be the first to tag this record!

MARC

LEADER 00000ntm a22000003a 4500
001 stuzp60525
003 SK-STU
005 20170626135902.2
007 ta
008 150427s2015----xo-----f-mn---000-0-slo-d
040 |a STU  |b slo 
041 0 |a slo 
044 |a xo 
100 1 |a Kováčová, Hana  |u 031000  |4 aut  |U FEI Fakulta elektrotechniky a informatiky  |T FEI Ústav robotiky a kybernetiky  |X 64521  |U E011  |Y 356  |7 64521 
242 0 1 |a Thermal system management  |y eng 
245 1 0 |a Riadenie tepelnej sústavy 
260 |c 2017 
300 |a 90 s., príl.,  |b CD-ROM 
650 4 |a tepelná sústava  |2 slo 
650 4 |a riadiaca jednotka  |2 slo 
650 4 |a riadenie  |2 slo 
650 4 |a control unit  |2 eng 
650 4 |a thermal system  |2 eng 
650 4 |a control  |2 eng 
700 1 |a Dúbravský, Jozef  |u 031000  |k Z1  |4 ths  |U FEI Fakulta elektrotechniky a informatiky  |T FEI Ústav robotiky a kybernetiky  |X 4934  |U E011  |Y 356  |7 A000004934 
856 4 |u http://is.stuba.sk/zp/portal_zp.pl?podrobnosti=130963 
996 |b 284EP11596  |c E*DIPL- 11596  |l EE31  |s P  |a 0  |w stuzp60525_0001